[Event "HUN-chT2 Barcza 0304"]
[Site "Hungary"]
[Date "2004.02.22"]
[Round "8"]
[White "Bobak, Sandor"]
[Black "Kirila, Ferenc"]
[Result "1/2-1/2"]
[WhiteElo "1990"]
[BlackElo "2013"]
[PlyCount "40"]
[EventDate "2003.08.29"]
[EventType "team"]
[EventRounds "11"]
[EventCountry "HUN"]
[SourceTitle "EXT 2009"]
[Source "ChessBase"]
[SourceDate "2008.11.26"]
[SourceVersion "1"]
[SourceVersionDate "2008.11.26"]
[SourceQuality "1"]
[WhiteTeam "Debrecen Betu"]
[BlackTeam "Kazincbarcika"]
[WhiteTeamCountry "HUN"]
[BlackTeamCountry "HUN"]

1. d4 d5 2. Nf3 Nf6 3. e3 Bg4 4. Nbd2 e6 5. h3 Bxf3 6. Nxf3 Nbd7 7. Bd2 Ne4 8. Bd3 f5 9. c4 c6 10. Qb3 Qb6 11. c5 Qxb3 12. axb3 Be7 13. Ba5 Bd8 14. Bxd8 Kxd8 15. b4 a6 16. b5 cxb5 17. Bxb5 Kc7 18. Bxd7 Kxd7 19. Ne5+ Kc7 20. Ke2 Rhf8 1/2-1/2